000 00639nam a2200205Ia 4500
005 20250508162918.0
008 008 250505s9999 xx 000 0 eng d
020 _a81-215-04480-X
037 _aTextual
040 _aFEDL
_beng
_cFEDL
041 _aeng
_2eng
084 _a181.4, DAY
_qFEDL
100 _aDaya Krishna
245 0 _aArt of the conceptual: Explorations in a conceptual maze over three decades
260 _aNew Delhi, India
_bIndian Council of Philosophical Research
_c1989
300 _axviii,339p
650 _aOriental philosophy
_9755543
942 _cTEXL
_h181.4, DAY
999 _c1379386
_d1379386